000 00700nam a22002537a 4500
001 BR6200015
003 BR-BrBNA
005 20230928083401.0
007 ta
008 230509b bl.||||| |||| 00| 0 por d
040 _aBR-BrBNA
_bpor
_cBiblioteca Nacional de Agricultura
041 _a(Por)
072 _aN20
_b/G514
090 _ N20 BR6200015
110 1 _aMobil Oil do Brasil Ltda., Sao Paulo, SP
_97622
245 1 _aMaquinas agricolas, manutencao [Equipamento rural]
260 3 _aSao Paulo, SP (Brasil):
_c1962.
300 _a63 p.
650 _aEquipamento agricola
650 _aMaquina agricola
650 _aLubrificante
909 _a202309
_bLucia
_c55
_dLucia Elande
942 _cBK
999 _c13170
_d13170